[Event "FRA-chT2 0910"]
[Site "France"]
[Date "2009.12.13"]
[Round "6.7"]
[White "Degremont, Patrick"]
[Black "Brient, Yoann"]
[Result "0-1"]
[WhiteElo "1969"]
[BlackElo "1920"]
[PlyCount "66"]
[EventDate "2009.09.27"]
[EventType "team-tourn"]
[EventRounds "11"]
[EventCountry "FRA"]
[SourceTitle "EXT 2011"]
[Source "ChessBase"]
[SourceDate "2010.11.26"]
[SourceVersion "1"]
[SourceVersionDate "2010.11.26"]
[SourceQuality "1"]

1. e4 c5 2. Nc3 d6 3. g3 g6 4. Bg2 Bg7 5. d3 Nc6 6. f4 Nf6 7. Nf3 0-0 8. 0-0 Rb8 9. Ne2 Qb6 10. Kh1 c4 11. h3 cxd3 12. cxd3 Bd7 13. g4 Rbc8 14. Nc3 Nd4 15. Be3 Bxg4 16. hxg4 Nxg4 17. Bg1 Qxb2 18. Nxd4 Qxc3 19. Rc1 Qb4 20. Rb1 Qc5 21. Nf5 Qa5 22. Nxg7 Nf6 23. Bf3 Kxg7 24. Rxb7 Qxa2 25. Rxa7 Qe6 26. Ra2 Qxa2 27. Rf2 Qa3 28. Qd2 Qc1 29. Qb4 Rb8 30. Qd4 Rb1 31. Rg2 Qxf4 32. Qf2 Rc8 33. d4 Rcc1 0-1

[Event "FRA-chT2 0910"]
[Site "France"]
[Date "2009.10.18"]
[Round "3.3"]
[White "Large, Laurent"]
[Black "Degremont, Patrick"]
[Result "1-0"]
[WhiteElo "2233"]
[BlackElo "1955"]
[PlyCount "143"]
[EventDate "2009.09.27"]
[EventType "team-tourn"]
[EventRounds "11"]
[EventCountry "FRA"]
[SourceTitle "EXT 2011"]
[Source "ChessBase"]
[SourceDate "2010.11.26"]
[SourceVersion "1"]
[SourceVersionDate "2010.11.26"]
[SourceQuality "1"]

1. e4 e6 2. d3 d5 3. Nd2 dxe4 4. dxe4 Nf6 5. Ngf3 Nc6 6. Bb5 Bd7 7. c3 a6 8. Ba4 b5 9. Bc2 e5 10. h3 Bd6 11. 0-0 0-0 12. Re1 Qe7 13. Nf1 Nd8 14. Ng3 g6 15. Qd2 Kh8 16. Qg5 Ng8 17. Qxe7 Nxe7 18. Bh6 Re8 19. Rad1 f6 20. Be3 Be6 21. a4 Nb7 22. b4 Red8 23. Rb1 Nc8 24. Red1 Be7 25. Rxd8+ Bxd8 26. Ra1 c6 27. Bd3 Ncd6 28. axb5 cxb5 29. Nd2 Kg7 30. f4 Bf7 31. Nb3 exf4 32. Bxf4 Nc4 33. Nd4 Bb6 34. Kh2 Bxd4 35. cxd4 a5 36. bxa5 Rxa5 37. Rb1 Nbd6 38. e5 fxe5 39. dxe5 Nc8 40. Ne4 Bd5 41. Nc3 Bc6 42. Bxc4 bxc4 43. Rb4 Ne7 44. Rxc4 Kf7 45. Bg5 Ba8 46. Bf6 Nd5 47. Nxd5 Bxd5 48. Rc7+ Ke6 49. g4 Ra2+ 50. Kg3 Ra3+ 51. Kf4 Bg2 52. Re7+ Kd5 53. Rd7+ Ke6 54. Rd6+ Kf7 55. Kg5 Re3 56. h4 Re4 57. Rd7+ Ke6 58. Re7+ Kd5 59. Rxh7 Bh3 60. Kxg6 Rxg4+ 61. Kf7 Rg8 62. Rh8 Rg1 63. h5 Be6+ 64. Ke7 Bf5 65. Rd8+ Ke4 66. e6 Kf4 67. Rd6 Rh1 68. Rd4+ Be4 69. Kd8 Kf5 70. Rxe4 Kxf6 71. e7 Rd1+ 72. Kc7 1-0

[Event "Syre Memorial op 32nd"]
[Site "Issy les Moulineaux"]
[Date "2009.05.21"]
[Round "1"]
[White "Ider, Borya"]
[Black "Degremont, Patrick"]
[Result "1-0"]
[WhiteElo "2176"]
[BlackElo "1996"]
[PlyCount "33"]
[EventDate "2009.05.21"]
[EventType "swiss"]
[EventRounds "6"]
[EventCountry "FRA"]
[SourceTitle "EXT 2010"]
[Source "ChessBase"]
[SourceDate "2010.11.25"]
[SourceVersion "1"]
[SourceVersionDate "2010.11.25"]
[SourceQuality "1"]

1. d4 d5 2. Nf3 Nf6 3. c4 e6 4. g3 c6 5. Bg2 Nbd7 6. Qc2 Be7 7. 0-0 0-0 8. Nbd2 b6 9. e4 dxe4 10. Nxe4 Bb7 11. Rd1 c5 12. Nxf6+ gxf6 13. dxc5 Bxc5 14. Ng5 fxg5 15. Bxb7 Qc7 16. Bxa8 Rxa8 17. Qe4 1-0

[Event "Le Touquet op-A"]
[Site "Le Touquet"]
[Date "2008.10.25"]
[Round "1"]
[White "Degremont, Patrick"]
[Black "Geirnaert, Steven"]
[Result "0-1"]
[WhiteElo "1984"]
[BlackElo "2353"]
[PlyCount "50"]
[EventDate "2008.10.25"]
[EventType "swiss"]
[EventRounds "9"]
[EventCountry "FRA"]
[SourceTitle "EXT 2009"]
[Source "ChessBase"]
[SourceDate "2008.11.26"]
[SourceVersion "1"]
[SourceVersionDate "2008.11.26"]
[SourceQuality "1"]

1. e4 d5 2. exd5 Qxd5 3. Nc3 Qa5 4. Bc4 Nf6 5. Nf3 c6 6. d3 Bf5 7. Bd2 e6 8. Ne4 Qc7 9. Ng3 Bg6 10. a3 Nbd7 11. 0-0 Nb6 12. Ba2 Bd6 13. Re1 0-0-0 14. a4 Nbd5 15. Ne4 Nxe4 16. dxe4 Nb4 17. Bc4 Bh5 18. Qc1 Bxf3 19. gxf3 Bxh2+ 20. Kg2 c5 21. f4 Rxd2 22. Qxd2 Bxf4 23. Qe2 Qe7 24. c3 Qg5+ 25. Kf3 Nc6 0-1

[Event "Syre Memorial op 30th"]
[Site "Issy les Moulineaux"]
[Date "2007.05.18"]
[Round "3"]
[White "Degremont, Patrick"]
[Black "Colson, Arnaud"]
[Result "0-1"]
[WhiteElo "1951"]
[BlackElo "2166"]
[PlyCount "54"]
[EventDate "2007.05.17"]
[EventType "swiss"]
[EventRounds "6"]
[EventCountry "FRA"]
[SourceTitle "EXT 2008"]
[Source "ChessBase"]
[SourceDate "2007.11.25"]
[SourceVersion "1"]
[SourceVersionDate "2007.11.25"]
[SourceQuality "1"]

1. e4 c5 2. Nc3 Nc6 3. g3 g6 4. Bg2 Bg7 5. d3 d6 6. f4 e6 7. Nf3 Nge7 8. 0-0 0-0 9. Ne2 d5 10. c3 dxe4 11. dxe4 Qxd1 12. Rxd1 b6 13. e5 Ba6 14. Kf2 Rad8 15. Be3 Nd5 16. Rac1 h6 17. b3 Nce7 18. Bh3 Nxe3 19. Kxe3 Rxd1 20. Rxd1 Nd5+ 21. Rxd5 exd5 22. Kf2 Rd8 23. Bf1 Bd3 24. Nc1 Bxf1 25. Kxf1 f6 26. Nd3 fxe5 27. fxe5 g5 0-1

[Event "FRA-chT2 North 0607"]
[Site "France"]
[Date "2006.12.10"]
[Round "4.6"]
[White "Degremont, Patrick"]
[Black "Derache, Jerome"]
[Result "1/2-1/2"]
[WhiteElo "1934"]
[BlackElo "2000"]
[PlyCount "49"]
[EventDate "2006.10.15"]
[EventType "team"]
[EventRounds "11"]
[EventCountry "FRA"]
[SourceTitle "EXT 2008"]
[Source "ChessBase"]
[SourceDate "2007.11.25"]
[SourceVersion "1"]
[SourceVersionDate "2007.11.25"]
[SourceQuality "1"]
[WhiteTeam "Bois Colombes II"]
[BlackTeam "Henin Beaumont"]
[WhiteTeamCountry "FRA"]
[BlackTeamCountry "FRA"]

1. e4 e5 2. Nf3 Nc6 3. Bc4 Bc5 4. c3 Nf6 5. d3 h6 6. 0-0 d6 7. Nbd2 0-0 8. Re1 a6 9. Bb3 Bg4 10. h3 Bd7 11. Nf1 Qc8 12. Be3 Re8 13. Ng3 b5 14. Qd2 Bxe3 15. Qxe3 Ne7 16. Nh4 g5 17. Nf3 Ng6 18. Nxg5 hxg5 19. Qxg5 Kg7 20. Nf5+ Bxf5 21. exf5 Nh7 22. Qg4 Nf6 23. Qg5 Nh7 24. Qg4 Nf6 25. Qg5 1/2-1/2

[Event "FRA-chT2A 0506"]
[Site "France"]
[Date "2006.04.01"]
[Round "10.7"]
[White "Le Ruyet, Leopold"]
[Black "Degremont, Patrick"]
[Result "1-0"]
[WhiteElo "1958"]
[BlackElo "1955"]
[PlyCount "51"]
[EventDate "2005.10.27"]
[EventType "team-tourn"]
[EventRounds "11"]
[EventCountry "FRA"]
[SourceTitle "EXT 2006"]
[Source "ChessBase"]
[SourceDate "2005.11.24"]
[SourceVersion "1"]
[SourceVersionDate "2005.11.24"]
[SourceQuality "1"]
[WhiteTeam "Sautron"]
[BlackTeam "Bois Colombes II"]
[WhiteTeamCountry "FRA"]
[BlackTeamCountry "FRA"]

1. e4 e6 2. d4 d5 3. Nc3 dxe4 4. Nxe4 Nd7 5. Nf3 Ngf6 6. Bd3 Nxe4 7. Bxe4 Nf6 8. Bd3 Be7 9. Bg5 h6 10. Bh4 c5 11. Qd2 cxd4 12. 0-0-0 Qd5 13. Kb1 Bd7 14. Qe2 Rc8 15. Ne5 Rc5 16. f4 0-0 17. Bc4 Qd6 18. c3 Nd5 19. Bxe7 Qxe7 20. Rxd4 Nb6 21. Rhd1 Bc8 22. Bd3 Nd5 23. c4 Nb6 24. g4 Nd7 25. Nxd7 Bxd7 26. Rxd7 1-0

[Event "Bois Colombes op 2nd"]
[Site "Bois Colombes"]
[Date "2005.12.26"]
[Round "6"]
[White "Degremont, Patrick"]
[Black "Petermans, Pascal"]
[Result "1-0"]
[WhiteElo "1955"]
[BlackElo "2028"]
[PlyCount "65"]
[EventDate "2005.12.21"]
[EventType "swiss"]
[EventRounds "6"]
[EventCountry "FRA"]
[SourceTitle "EXT 2007"]
[Source "ChessBase"]
[SourceDate "2006.11.23"]
[SourceVersion "1"]
[SourceVersionDate "2006.11.23"]
[SourceQuality "1"]

1. e4 c5 2. Nc3 Nc6 3. g3 g6 4. Bg2 Bg7 5. d3 e6 6. Be3 Nd4 7. f4 Ne7 8. Nf3 0-0 9. 0-0 d5 10. Bf2 b6 11. Nxd4 cxd4 12. Nb5 Nc6 13. e5 f6 14. Nxd4 Bd7 15. Nxc6 Bxc6 16. exf6 Bxf6 17. d4 Qd6 18. c3 Rae8 19. Be3 b5 20. h4 a5 21. a3 Bd7 22. Bf3 Rb8 23. Bd2 Kg7 24. Be2 Kh8 25. Kg2 Ra8 26. Rh1 Rg8 27. Bd3 Qe7 28. g4 Qe8 29. g5 Bd8 30. h5 gxh5 31. Qxh5 Qxh5 32. Rxh5 Rg7 33. Rah1 1-0

[Event "Bois Colombes op 2nd"]
[Site "Bois Colombes"]
[Date "2005.12.24"]
[Round "4"]
[White "Folacci, Maxime"]
[Black "Degremont, Patrick"]
[Result "1-0"]
[WhiteElo "2080"]
[BlackElo "1955"]
[PlyCount "71"]
[EventDate "2005.12.21"]
[EventType "swiss"]
[EventRounds "6"]
[EventCountry "FRA"]
[SourceTitle "EXT 2007"]
[Source "ChessBase"]
[SourceDate "2006.11.23"]
[SourceVersion "1"]
[SourceVersionDate "2006.11.23"]
[SourceQuality "1"]

1. e4 e6 2. d4 d5 3. Nd2 dxe4 4. Nxe4 Nd7 5. Nf3 Ngf6 6. Ng3 c5 7. c3 Be7 8. Bd3 b6 9. 0-0 Bb7 10. dxc5 Bxc5 11. Bg5 0-0 12. Qc2 h6 13. Bf4 Nd5 14. Bd2 a6 15. Rad1 Qc7 16. Qc1 Ne5 17. Nxe5 Qxe5 18. Rfe1 Qf6 19. Ne4 Qh4 20. Nxc5 bxc5 21. Re4 Qf6 22. Rg4 Kh8 23. Re1 e5 24. Be4 Rad8 25. c4 Bc8 26. Rg3 Nf4 27. Bc3 Qd6 28. Bc2 f6 29. Qe3 Bb7 30. a3 Qc6 31. f3 g5 32. h4 Bc8 33. hxg5 hxg5 34. Rxg5 Rg8 35. Rh5+ Kg7 36. Rxe5 1-0

[Event "Syre Memorial op 28th"]
[Site "Issy les Moulineaux"]
[Date "2005.05.06"]
[Round "3"]
[White "Degremont, Patrick"]
[Black "El Farihi, Mohsine"]
[Result "0-1"]
[WhiteElo "1924"]
[BlackElo "2230"]
[PlyCount "56"]
[EventDate "2005.05.05"]
[EventType "swiss"]
[EventRounds "6"]
[EventCountry "FRA"]
[SourceTitle "EXT 2007"]
[Source "ChessBase"]
[SourceDate "2006.11.23"]
[SourceVersion "1"]
[SourceVersionDate "2006.11.23"]
[SourceQuality "1"]

1. e4 c5 2. Nc3 g6 3. g3 Bg7 4. Bg2 Nc6 5. d3 d6 6. f4 e6 7. Nf3 Nge7 8. Be3 a6 9. 0-0 Nd4 10. e5 Nef5 11. Bf2 h5 12. Ne4 Nxf3+ 13. Qxf3 dxe5 14. fxe5 Bxe5 15. c3 0-0 16. Bxc5 Re8 17. d4 Bc7 18. h3 b6 19. Ba3 Bb7 20. g4 hxg4 21. hxg4 Bxe4 22. Qxe4 Qh4 23. gxf5 Bh2+ 24. Kh1 Bf4+ 25. Kg1 Qh2+ 26. Kf2 exf5 27. Qf3 Qh4+ 28. Kg1 Bh2+ 0-1